| 000 | 01680nam a2200457 i 4500 | ||
|---|---|---|---|
| 001 | 41885 | ||
| 003 | BPK | ||
| 005 | 20240405063137.0 | ||
| 008 | 021010s2002 pl f f |000 0 pol d | ||
| 020 | _a8373650075 | ||
| 040 | _cKOSZ 005/HR | ||
| 041 | 0 | _apol | |
| 046 | _k2002 | ||
| 080 | _a711.2(438) | ||
| 080 | _a(075.8) | ||
| 100 | 1 |
_aGołden, Marian _eAutor |
|
| 245 | 1 | 0 |
_aPlanowanie zagospodarowania przestrzennego / _cMarian Gołden ; Politechnika Koszalińska. |
| 250 | _aWyd. 2 popr. | ||
| 260 |
_aKoszalin : _bWydawnictwo Uczelniane Politechniki Koszalińskiej, _c2002. |
||
| 300 |
_a274 s. : _b1 il., mapy ; _c25 cm. |
||
| 336 |
_2rdacontent _aTekst _btxt |
||
| 337 |
_2rdamedia _aBez urządzenia pośredniczącego _bn |
||
| 338 |
_2rdacarrier _aWolumin _bnc |
||
| 380 | _aKsiążki | ||
| 380 | _aPublikacje dydaktyczne | ||
| 385 |
_mPoziom nauczania _aSzkoły wyższe |
||
| 388 | _a2001- | ||
| 500 | _aWyd. 1 ukazało się pt.: Planowanie zagospodarowania przestrzennego w warunkach gospodarki rynkowej". | ||
| 504 | _aBibliogr. | ||
| 648 | 7 | _a1901-2000 | |
| 648 | 7 | _a1989-2000 | |
| 650 | 4 | _aPlanowanie przestrzenne | |
| 650 | 4 | _aPolityka przestrzenna | |
| 651 | _aPolska | ||
| 655 | _aPodręczniki akademickie | ||
| 658 | _aArchitektura i budownictwo | ||
| 710 | 0 |
_aWydawnictwo Uczelniane (Politechnika Koszalińska) _4pbl. |
|
| 856 |
_uhttp://dlibra.tu.koszalin.pl/dlibra/docmetadata?id=107&from=&dirids=1&ver_id=&lp=1&QI= _yBiblioteka Cyfrowa |
||
| 856 |
_uhttp://koha.tu.koszalin.pl/cgi-bin/koha/opac-detail.pl?biblionumber=41885 _yKatalog online BPK |
||
| 942 |
_cKS _2UKD |
||
| 999 |
_c41885 _d41885 |
||